Nâng cao hiệu quả dạy học môn hóa học ở lớp 12 bằng hệ thống câu hỏi và bài tập thực tiễn

Guardado en:
Detalles Bibliográficos
Autor principal: Bùi Thị Thanh Hằng
Otros Autores: Nguyễn Thị Lan Anh (hướng dẫn)
Formato: Libro
Lenguaje:Vietnamese
Publicado: Đà Nẵng Trường Đại học Sư phạm 2012
Materias:
Etiquetas: Agregar Etiqueta
Sin Etiquetas, Sea el primero en etiquetar este registro!
Thư viện lưu trữ: Mạng thư viện Đại học Đà Nẵng
LEADER 01455nam a2200337 4500
001 000017307
003 13723
005 20130328140308.0
008 130328s2012 viesd
041 |a vie 
082 1 4 |a 540.7  |b BU-H 
100 1 |a Bùi Thị Thanh Hằng 
245 1 0 |a Nâng cao hiệu quả dạy học môn hóa học ở lớp 12 bằng hệ thống câu hỏi và bài tập thực tiễn  |c Bùi Thị Thanh Hằng ; Hướng dẫn Nguyễn Thị Lan Anh  |k Báo cáo khoa học 
260 |a Đà Nẵng  |b Trường Đại học Sư phạm  |c 2012 
300 |a 25 tr.  |b ảnh m.h  |c 30 cm. 
500 |a Công trình tham gia hội nghị sinh viên nghiên cứu khoa học Trường Đại học Sư phạm năm 2012. Khoa Hóa học 
650 0 4 |a dạy học  |v Báo cáo khoa học  |x hóa học lớp 12  |z Đà Nẵng 
653 |a Nghiên cứu khoa học 
653 |a dạy học 
700 1 |a Nguyễn Thị Lan Anh  |e hướng dẫn 
OWN |a LSP 
AVA |a UDN50  |b LSP  |d 540.7 BU-H  |e available  |t Error 5001 Not defined in file expand_doc_bib_avail.  |f 1  |g 0  |h N  |i 0  |k 1 
999 |a From the UDN01 
AVA |a UDN50  |b LSP  |d 540.7 BU-H  |e available  |t Error 5001 Not defined in file expand_doc_bib_avail.  |f 1  |g 0  |h N  |i 0  |k 1 
TYP |a Mixed Materials 
TYP |a Monograph 
TYP |a Printed language 
980 |a Mạng thư viện Đại học Đà Nẵng